| 000 | 00616nam a2200181Ia 4500 | ||
|---|---|---|---|
| 008 | 090630s9999 xx 000 0 und d | ||
| 082 | _b4389 | ||
| 100 | _aमाडगुळकर ग. दि. | ||
| 245 |
_aसोने आणि माती. _cमाडगुळकर ग. दि. |
||
| 260 |
_bकुळकर्णी. _c1973 |
||
| 300 | _a126 | ||
| 600 | _aमाडगुळकर ग. दि. | ||
| 630 | _aसोने आणि माती. | ||
| 655 | _aलघुकथा. | ||
| 700 | _aमाडगुळकर ग. दि. | ||
| 730 | _aसोने आणि माती. | ||
| 942 | _cBOOK | ||
| 999 |
_c256245 _d256245 |
||